000 01143cab a22002295a 4500
001 L140067
008 070903s2007 xxk f 000 0 eng d
035 _a(Sirsi) u140067
041 0 _aeng
100 1 _aDowden, Malcolm
245 0 0 _aLaw briefing
_blandlord and tenant update 2007
260 _c2007
490 0 _aJournal of Property Investment and Finance
_v25(5) 2007, 525-531(7)
520 _aReviews three key landlord and tenant cases of the last 12 months, dealing with parent company guarantees ("Prudential Assurance Co Ltd and others v PRG Powerhouse Ltd and others" ([2007] EWHC 1002 Ch, L138112)), rent reviews, former tenants and guarantors ("Scottish Newcastle v Raguz" ([2007] EWCA Civ 150, L137096)), and leases as contracts/deciding whether to forfeit ("Reichman v Beveridge" ([2006] EWCA Civ 1659, L136014)).
590 _aKA
650 2 4 _aPRUDENTIAL ASSURANCE CO LTD AND OTHERS V PRG POWERHOUSE LTD AND OTHERS
650 2 4 _aSCOTTISH AND NEWCASTLE PLC V RAGUZ
650 2 4 _aREICHMAN AND ANOTHER V BEVERIDGE AND ANOTHER
651 4 _aEngland and Wales
_y1543-
690 _aLandlord and tenant
_96252
942 _n0
999 _c79179
_d79179